01564cam a22003737a 4500003000500000005001700005008004100022010001000063011001000073035001100083040000900094090001000103100003900113245015100152260004100303300001000344502009400354590003700448590004100485590004100526590004100567590004200608650005500650650002800705650003200733901000700765905001000772942000900782949005100791949006300842999001700905952014000922952012801062CHAP20220329143040.0051024d2005 mx r 00110 spa d a91185 a92157 a102720 cCHAP aTesis00aBarrios Ramírez, Rubén.91053110aProducción, comportamiento y rentabilidad del cultivo del frijol en el Distrito de Desarrollo Rural 001, Durangoc/por Rubén Barrios Ramírez aChapingo, Méx. :bEl autor,c2005. a93 h. aTesis (Ing. Agr. Esp. en Sociología Rural) - - UACH. Departamento de Sociología Rural aALEPHb10c20130110lUCH01h1507 aBATCH-UPDb10c20130110lUCH01h0828 aBATCH-UPDb10c20130410lUCH01h0506 aBATCH-UPDb10c20130914lUCH01h1207 aCONVERSIONb10c20130109lUCH01h135014aDistrito de Desarrollo Rural, Durango, Dgo.93283014aFrijolxDurango.94336014aFrijolxRendimiento.943429 aBK aLilia cFOLL aTesisbBCcTESd1027201eTS1h44259i102720sb aTesisbBCcTESd33724000965927eTS2fc.2h44260i102720sb c91185d91185 00102local4053708TESISaBCbBCcPA_TESISd2019-12-31fTESISl0oTesisp33724000965927r2019-12-31 00:00:00tc.2w2019-12-31yTESIS 00102local4051708TESISaBCbBCcPA_TESISd2019-12-31fTESISl0oTesisp1027201r2019-12-31 00:00:00w2019-12-31yTESIS